000 00301nam a2200133Ia 4500
100 _aBhattacharya/ P.B./ Jain S.K.
942 _cBK
654 _aalgebra
245 _aFirst course in linear algebra
260 _bWiley eastern
_aNew Delhi
_c1991
300 _a280
546 _aENGLISH
999 _c32136
_d32136